A szemészeti állapot és az életminőség kapcsolódó mérőszámai különböző korcsoportokban [Ophthalmological status and its related life-quality indices in different age groups]

Elmentve itt :
Bibliográfiai részletek
Szerzők: Zeffer Tamás
Szalay László
Deák Klára
Vass Attila Balázs
Fejes Imre Zsolt
Ágota Czibula
Anita Zubreczki
Facskó Andrea
Skribek Ákos
Dokumentumtípus: Cikk
Megjelent: 2020
Sorozat:ORVOSI HETILAP 161 No. 43
Tárgyszavak:
doi:10.1556/650.2020.31857

mtmt:31864563
Online Access:http://publicatio.bibl.u-szeged.hu/30470
LEADER 01103nab a2200301 i 4500
001 publ30470
005 20240506105301.0
008 240506s2020 hu o 000 hun d
022 |a 0030-6002 
024 7 |a 10.1556/650.2020.31857  |2 doi 
024 7 |a 31864563  |2 mtmt 
040 |a SZTE Publicatio Repozitórium  |b hun 
041 |a hun 
100 1 |a Zeffer Tamás 
245 1 2 |a A szemészeti állapot és az életminőség kapcsolódó mérőszámai különböző korcsoportokban [Ophthalmological status and its related life-quality indices in different age groups]  |h [elektronikus dokumentum] /  |c  Zeffer Tamás 
260 |c 2020 
300 |a 1824-1830 
490 0 |a ORVOSI HETILAP  |v 161 No. 43 
650 4 |a Klinikai orvostan 
700 0 1 |a Szalay László  |e aut 
700 0 1 |a Deák Klára  |e aut 
700 0 1 |a Vass Attila Balázs  |e aut 
700 0 1 |a Fejes Imre Zsolt  |e aut 
700 0 1 |a Ágota Czibula  |e aut 
700 0 1 |a Anita Zubreczki  |e aut 
700 0 1 |a Facskó Andrea  |e aut 
700 0 1 |a Skribek Ákos  |e aut 
856 4 0 |u http://publicatio.bibl.u-szeged.hu/30470/1/650-article-p1824.pdf  |z Dokumentum-elérés